• 首页
  • 本馆介绍
  • 公告通知
  • 最新文献
  • 馆藏检索
  • 电子资源
  • 读者导购
  • 参考咨询
  • 我的图书馆
  • 登录
  • 详细信息显示
  • 放入我的书架
  • 预约/预借图书
  • 作者相关作品
  • 分类相关作品
  • 丛书相关作品
  • 出版社相关作品

书目信息

  • 表格格式
  • 工作单格式
  • 卡片格式
题名:
中式烹饪
    
 
作者: 吕新河 主编
分册:  
出版信息: 北京   旅游教育出版社  2002.07
页数: 548页
开本: 20cm
丛书名:
单 册:
中图分类: TS972.117
科图分类:
主题词: 烹饪--中国--职业教育--教材
电子资源:
ISBN: 7-5637-1012-4
000 00834nam0 2200253 450
001 0104000022
005 20050927111123.1
010    @a7-5637-1012-4@dCNY26.00
100    @a20081201d2002 ekmy0chiy0120 ea
101 0  @achi
102    @aCN@b110000
105    @ay z 000yy
106    @ar
200 1  @a中式烹饪@AZhong Shi Peng Ren@f吕新河主编@FLu^ Xin He Zhu Bian
210    @a北京@c旅游教育出版社@d2002.07
215    @a548页@d20cm
300    @a旅游行业职业技能等级培训考核教材 国家旅游局人事劳动教育司指定用书
330    @a本书分初级、中级、高级三部分,主要内容包括:烹饪原料基础知识、原料加工技术、冷菜制作、中餐烹调技术。
606 0  @a烹饪@y中国@x职业教育@j教材
690    @aTS972.117@v4
701  0 @a吕新河@ALu^ Xin He@4主编
801  0 @aCN@bHTDF@c20081201
905    @aBZT@dTS972.117@e2@f10
906    @dCNY26.00@n0@r1
    
    中式烹饪/吕新河主编.-北京:旅游教育出版社,2002.07
    548页;20cm
    旅游行业职业技能等级培训考核教材 国家旅游局人事劳动教育司指定用书
    
    ISBN 7-5637-1012-4:CNY26.00
    本书分初级、中级、高级三部分,主要内容包括:烹饪原料基础知识、原料加工技术、冷菜制作、中餐烹调技术。
●
相关链接 在五车中查询图书 在当当中查询图书 在豆瓣中查询图书


正题名:中式烹饪     索取号:TS972.117/2         预约/预借

序号 登录号 条形码 馆藏地/架位号 状态 备注
1 694872   2000694872   中心书库中库/ 中库024架A面3列1层61/ [索取号:TS972.117/2] 在馆    
2 694873   2000694873   中心书库中库/ 中库024架A面3列1层64/ [索取号:TS972.117/2] 在馆    
3 694874   2000694874   中心书库中库/ 中库024架A面3列1层62/ [索取号:TS972.117/2] 在馆    
4 694875   2000694875   中心书库中库/ 中库024架A面3列1层55/ [索取号:TS972.117/2] 在馆    
5 694876   2000694876   中心书库中库/ 中库024架A面3列1层60/ [索取号:TS972.117/2] 在馆    
6 694877   2000694877   中心书库中库/ 中库024架A面3列1层63/ [索取号:TS972.117/2] 在馆    
7 694878   2000694878   中心书库中库/ 中库024架A面3列1层58/ [索取号:TS972.117/2] 在馆    
8 694879   2000694879   中心书库中库/ 中库024架A面3列1层57/ [索取号:TS972.117/2] 在馆    
9 694880   2000694880   中心书库中库/ 中库024架A面3列1层59/ [索取号:TS972.117/2] 在馆    
10 694881   2000694881   中心书库中库/ 中库024架A面3列1层56/ [索取号:TS972.117/2] 在馆    
山东省滨州职业学院图书馆 欢迎您!
大连网信软件有限公司© 版权所有